Trasa Linii 213 (MPK KRAKÓW) - Statystyki

Ogólne statystyki
  • Ten quiz został rozwiązany 7 razy
  • Średni wynik to 16 z 33
Statystyki odpowiedzi
Lp. Ulica Przystanek % Poprawnych
1. Czerwone Maki Czerwone Maki P+R
100%
4. Babińskiego Bunscha Babińskiego
75%
3. Bunscha Bunscha
75%
30. Krzęcin ul. Krakowska Krzęcin Pętla
75%
6. Skotnicka Baczyńskiego
50%
2. ↓ Bunscha Czerwone Maki P+R
50%
19. Gołuchowice Gołuchowice
50%
20. Gołuchowice Gołuchowice Jurczyce
50%
21. (NŻ) Gołuchowice Gołuchowice Sklep
50%
23. (NŻ) Grabie Grabie Polanka
50%
27. ↑ Krzęcin ul. św. Floriana Krzęcin Szkoła
50%
16. (NŻ) Rzozów Rzozów Baseny
50%
17. (NŻ) Rzozów Rzozów I
50%
18. Rzozów Rzozów Szkoła
50%
WAR Skawina ul. Jana Pawła II Skawina
50%
WAR Skawina ul. Popiełuszki Skawina Ajka
50%
11. ↑ (WAR ↓) Skawina ul. Popiełuszki Skawina Cmentarz
50%
15. Skawina ul. Hallerów Skawina Koncentraty
50%
8. (NŻ) Skawina ul. Krakowska Skawina Obwodnica
50%
9. Skawina ul. Krakowska Skawina Podlipki
50%
WAR ↑ Skawina ul. Popiełuszki Skawina Popieuszki
50%
12. Skawina ul. Pokoju Skawina Rynek
50%
10. Skawina ul. Krakowska Skawina Rzepnik
50%
14. Skawina ul. Mickiewicza Skawina Sąd
50%
13. Skawina ul. Mickiewicza Skawina Szkoła
50%
5. Babińskiego Skotniki
50%
7. Skotnicka Hollendra Wrony
50%
25. (NŻ) Krzęcin ul. św. Floriana Krzęcin Cmentarz
25%
28. (NŻ) Krzęcin ul. Krakowska Krzęcin Kapliczka
25%
26. Krzęcin ul. św. Floriana Krzęcin Kościół
25%
24. Krzęcin ul. Kalwaryjska Krzęcin Sklep
25%
29. (NŻ) Krzęcin ul. Krakowska Krzęcin Szczęsna
25%
22. Polanka Hallera Polanka Hallera Dwór
25%
Nie znaleziono quizów pasujących do podanych kryteriów
Rozkład punktacji
Procent ludzi z każdym wynikiem
Percentyl według liczby udzielonych odpowiedzi
Twoja historia wyników
Nie rozwiązałeś tego quizu